MARC

LEADER 00000nam0a2200000 4500
001 331523
005 20231102004350.0
035 |a (RuTPU)RU\TPU\book\357350 
090 |a 331523 
100 |a 20170426d1958 m y0rusy50 ca 
101 0 |a rus 
102 |a RU 
105 |a a j 001zy 
200 1 |a Задачник по подземной разработке угольных месторождений  |e учебное пособие  |f Г. И. Гойхман [и др.] 
210 |a Москва  |c Углетехиздат  |d 1958 
215 |a 327 с.  |c ил. 
320 |a Библиогр.: с. 324-325 
606 1 |a Угольные месторождения  |x Системы разработки  |x Подземный способ  |x Горно-геологические условия  |2 stltpush  |3 (RuTPU)RU\TPU\subj\62709  |9 79777 
610 1 |a подземная разработка 
610 1 |a вскрытие месторождений 
610 1 |a организация работы 
610 1 |a себестоимость 
610 1 |a резервные линии 
610 1 |a забой 
610 1 |a календарные планы 
610 1 |a шахтные поля 
610 1 |a очистные забои 
610 1 |a крепление 
610 1 |a задачники 
610 1 |a учебные пособия 
675 |a 622.33:622.272(076)  |v 4 
701 1 |a Гойхман  |b Г. И.  |g Герц Израйлевич 
701 1 |a Липович  |b С. М.  |g Самуил Моисеевич 
701 1 |a Жизлов  |b Н. И.  |g Николай Ильич 
701 1 |a Сапицкий  |b К. Ф.  |g Константин Федорович 
801 1 |a RU  |b 63413507  |c 20170426 
801 2 |a RU  |b 63413507  |c 20170427  |g RCR 
942 |c BK